header

Perfection, the state, and Victorian liberalism (Record no. 189315)

MARC details
000 -LEADER
fixed length control field 01276nam a2200337Ia 4500
082 04 - DEWEY DECIMAL CLASSIFICATION NUMBER
Classification number 320.51
100 1# - MAIN ENTRY--AUTHOR NAME
Personal name Malachuk, Daniel S.
245 10 - TITLE STATEMENT
Title Perfection, the state, and Victorian liberalism
260 ## - PUBLICATION, DISTRIBUTION, ETC. (IMPRINT)
Place of publication New York :
Name of publisher Palgrave Macmillan,
Year of publication 2005.
300 ## - PHYSICAL DESCRIPTION
Number of Pages 210 p.
505 0# - FORMATTED CONTENTS NOTE
Formatted contents note Ch. 1. Perfection -- Ch. 2. The state -- Ch. 3. Experience -- Ch. 4. Culture.
650 #0 - SUBJECT ADDED ENTRY--TOPICAL TERM
Topical Term Liberalism
Topical Term State, The.
Topical Term Perfection.
856 40 - ELECTRONIC LOCATION AND ACCESS
Uniform Resource Identifier http://site.ebrary.com/lib/rucke/Doc?id=10135715

No items available.

© 2026 Rongo University
Contact us: librarian | system librarian | Rongo university